[Event "Chigorin Memorial 29th"]
[Site "St Petersburg"]
[Date "2022.10.30"]
[Round "9"]
[White "Dmitrenko, Ignat"]
[Black "Yakovlev, Yuri S"]
[Result "1/2-1/2"]
[WhiteElo "1278"]
[BlackElo "1649"]
[PlyCount "111"]
[EventDate "2022.10.22"]
[EventType "swiss"]
[EventRounds "9"]
[EventCountry "RUS"]
[SourceTitle "EXT 2024"]
[Source "ChessBase"]
[SourceDate "2023.10.10"]
[SourceVersion "1"]
[SourceVersionDate "2023.10.10"]
[SourceQuality "1"]

1. e4 c5 2. Nf3 e6 3. d4 cxd4 4. Nxd4 a6 5. Nc3 b5 6. a3 Bb7 7. Be3 Qc7 8. f3 Nc6 9. Nb3 Ne5 10. Qd4 Nc6 11. Qb6 Qxb6 12. Bxb6 Nf6 13. 0-0-0 b4 14. axb4 Bxb4 15. Na4 d5 16. c3 Be7 17. Nac5 Bc8 18. Bd3 0-0 19. Nd4 Ne5 20. Rhe1 Nxd3+ 21. Rxd3 a5 22. Nc6 Bxc5 23. Bxc5 Ba6 24. Rdd1 Rfe8 25. Bd4 Bb7 26. Bxf6 Bxc6 27. Bh4 a4 28. Kc2 Rec8 29. Be7 f6 30. Ba3 Kf7 31. e5 f5 32. Rd4 Bb5 33. g4 fxg4 34. Rf4+ Kg8 35. Rxg4 Rc4 36. f4 Re4 37. Reg1 g6 38. R1g2 Re2+ 39. Rxe2 Bxe2 40. Rg2 Bf3 41. Rf2 Be4+ 42. Kd2 Rc8 43. Ke3 Bb1 44. Rd2 Ba2 45. Bb4 Kg7 46. h4 Rc7 47. Bd6 Rc4 48. Rd4 Kf7 49. Rxc4 Bxc4 50. Kf3 h6 51. Kg3 h5 52. Kf2 Ke8 53. Ke3 Kf7 54. Kd4 Bb3 55. Kc5 Ba2 56. Kb4 1/2-1/2

[Event "Chigorin Memorial 29th"]
[Site "St Petersburg"]
[Date "2022.10.26"]
[Round "5"]
[White "Dmitriev, Maksim S"]
[Black "Yakovlev, Yuri S"]
[Result "1-0"]
[WhiteElo "1367"]
[BlackElo "1649"]
[PlyCount "77"]
[EventDate "2022.10.22"]
[EventType "swiss"]
[EventRounds "9"]
[EventCountry "RUS"]
[SourceTitle "EXT 2024"]
[Source "ChessBase"]
[SourceDate "2023.10.10"]
[SourceVersion "1"]
[SourceVersionDate "2023.10.10"]
[SourceQuality "1"]

1. d4 c5 2. c3 e6 3. Bf4 Nf6 4. Nf3 d5 5. e3 Nc6 6. Bd3 c4 7. Bc2 Bd6 8. Bg3 h6 9. Nbd2 Qc7 10. e4 Bxg3 11. hxg3 Nxe4 12. Nxe4 dxe4 13. Bxe4 Bd7 14. Qe2 Ne7 15. Ne5 Bb5 16. Qf3 Nd5 17. Bxd5 exd5 18. Qxd5 Ba6 19. 0-0 0-0 20. Rfe1 Rad8 21. Qf3 Rd6 22. Re3 b5 23. a4 Bb7 24. Qe2 Ra6 25. Ra3 Bd5 26. axb5 Rxa3 27. bxa3 Rb8 28. a4 a6 29. bxa6 Rb1+ 30. Kh2 Ra1 31. Qc2 Qc8 32. a7 f6 33. Ng6 Qg4 34. Re8+ Kf7 35. Rf8+ Ke6 36. Nf4+ Kd7 37. a8Q Bxa8 38. Rxa8 g5 39. Qe2 1-0

[Event "St Petersburg-ch Seniors"]
[Site "St Petersburg"]
[Date "2022.10.01"]
[Round "8"]
[White "Yakovlev, Yuri S"]
[Black "Mamoshin, Valery"]
[Result "0-1"]
[WhiteElo "1649"]
[BlackElo "2203"]
[PlyCount "56"]
[EventDate "2022.09.24"]
[EventType "swiss"]
[EventRounds "9"]
[EventCountry "RUS"]
[SourceTitle "CBM 210 Extra"]
[Source "ChessBase"]
[SourceDate "2022.11.30"]
[SourceVersion "1"]
[SourceVersionDate "2022.11.30"]
[SourceQuality "1"]

1. e4 d6 2. d4 Nf6 3. Nd2 g6 4. Be2 Bg7 5. c3 c5 6. d5 e6 7. Bb5+ Bd7 8. Bxd7+ Qxd7 9. dxe6 Qxe6 10. Qe2 Nc6 11. Nh3 0-0-0 12. 0-0 Rhe8 13. f3 h6 14. Qb5 g5 15. Nf2 Nd7 16. Qb3 Nb6 17. Qc2 d5 18. Nb3 c4 19. Nc5 Qd6 20. Be3 d4 21. cxd4 Bxd4 22. Bxd4 Nxd4 23. Nxb7 Nxc2 24. Nxd6+ Rxd6 25. Rac1 Rd2 26. Ng4 h5 27. Nf6 Red8 28. e5 Ne3 0-1

[Event "St Petersburg-ch Seniors"]
[Site "St Petersburg"]
[Date "2022.09.29"]
[Round "6"]
[White "Pushkov, Nikolai"]
[Black "Yakovlev, Yuri S"]
[Result "1-0"]
[WhiteElo "2206"]
[BlackElo "1649"]
[PlyCount "103"]
[EventDate "2022.09.24"]
[EventType "swiss"]
[EventRounds "9"]
[EventCountry "RUS"]
[SourceTitle "CBM 210 Extra"]
[Source "ChessBase"]
[SourceDate "2022.11.30"]
[SourceVersion "1"]
[SourceVersionDate "2022.11.30"]
[SourceQuality "1"]

1. d4 c5 2. d5 d6 3. e4 g6 4. Nf3 Bg7 5. Bb5+ Bd7 6. a4 a6 7. Be2 h6 8. 0-0 Nf6 9. Nc3 0-0 10. Nd2 Nh7 11. Nc4 f5 12. f3 Bd4+ 13. Be3 Bxe3+ 14. Nxe3 f4 15. Nc4 Ng5 16. e5 Bf5 17. Bd3 Kg7 18. e6 a5 19. Ne4 Na6 20. Nxg5 hxg5 21. c3 Nc7 22. Nb6 Bxd3 23. Qxd3 Ra6 24. Nd7 Rf5 25. c4 Ne8 26. g4 fxg3 27. hxg3 Nf6 28. Nxf6 Rxf6 29. Kg2 Ra8 30. Qe3 Qb6 31. Rab1 Qb4 32. b3 Rf5 33. f4 g4 34. Rh1 Rh8 35. Rxh8 Kxh8 36. Rh1+ Kg7 37. Qd3 Rh5 38. Rf1 Rf5 39. Rd1 Kf6 40. Qc2 Kg7 41. Rf1 Rf6 42. Qb2 Kg8 43. Rh1 Kg7 44. Kf2 Kg8 45. Rh4 b5 46. Qc2 bxc4 47. bxc4 Qa3 48. Rxg4 Qa1 49. Rxg6+ Kf8 50. Rxf6+ exf6 51. Qh7 Qd4+ 52. Kg2 1-0

[Event "St Petersburg-ch Seniors"]
[Site "St Petersburg"]
[Date "2022.09.28"]
[Round "5"]
[White "Yakovlev, Yuri S"]
[Black "Nikitinyh, Boris Aleksandrovic"]
[Result "0-1"]
[WhiteElo "1649"]
[BlackElo "1853"]
[PlyCount "98"]
[EventDate "2022.09.24"]
[EventType "swiss"]
[EventRounds "9"]
[EventCountry "RUS"]
[SourceTitle "CBM 210 Extra"]
[Source "ChessBase"]
[SourceDate "2022.11.30"]
[SourceVersion "1"]
[SourceVersionDate "2022.11.30"]
[SourceQuality "1"]

1. e4 d6 2. d4 Nf6 3. Bd3 Nc6 4. c3 e5 5. d5 Ne7 6. h3 g6 7. Be3 Bg7 8. Qd2 h6 9. g4 g5 10. Ne2 Ng6 11. Na3 Nf4 12. Bxf4 gxf4 13. f3 Nh7 14. 0-0-0 Bf6 15. Bb5+ Kf8 16. Ng1 a6 17. Bf1 Bh4 18. Rh2 Kg7 19. Kb1 Qe7 20. c4 Rd8 21. Nc2 Bd7 22. Ne1 c5 23. Nd3 b5 24. Qc3 Bf6 25. cxb5 axb5 26. h4 b4 27. Qe1 Rdb8 28. g5 hxg5 29. hxg5 Nxg5 30. Nf2 Rh8 31. Rxh8 Rxh8 32. Ng4 Nxf3 33. Nxf3 Bxg4 34. Be2 Bxf3 35. Bxf3 Rh3 36. Qe2 Rg3 37. Rf1 Qd7 38. Rh1 Kf8 39. b3 Ke7 40. Qf1 Qe8 41. Kb2 Qa8 42. Bd1 Qa7 43. Bc2 Bg5 44. a4 bxa3+ 45. Ka2 Rc3 46. Rh2 f3 47. Qb5 Bf4 48. Rh8 Rxc2+ 49. Ka1 c4 0-1

[Event "St Petersburg-ch Seniors"]
[Site "St Petersburg"]
[Date "2022.09.27"]
[Round "4"]
[White "Kornilov, Anatoly Aleksandrov"]
[Black "Yakovlev, Yuri S"]
[Result "1-0"]
[WhiteElo "2094"]
[BlackElo "1649"]
[PlyCount "67"]
[EventDate "2022.09.24"]
[EventType "swiss"]
[EventRounds "9"]
[EventCountry "RUS"]
[SourceTitle "CBM 210 Extra"]
[Source "ChessBase"]
[SourceDate "2022.11.30"]
[SourceVersion "1"]
[SourceVersionDate "2022.11.30"]
[SourceQuality "1"]

1. d4 c5 2. d5 e5 3. c4 d6 4. e4 f5 5. Nc3 Nf6 6. Bd3 f4 7. g3 fxg3 8. hxg3 Na6 9. f3 Bd7 10. Be3 Be7 11. Qd2 Qc8 12. 0-0-0 Nc7 13. g4 Kd8 14. Nge2 a6 15. Ng3 b5 16. Nf5 b4 17. Ne2 Bxf5 18. exf5 Nce8 19. Rh2 e4 20. Bxe4 Nxe4 21. fxe4 Nf6 22. Nf4 Kc7 23. Ne6+ Kb6 24. Qg2 Nd7 25. Bf4 Ra7 26. g5 Bf8 27. Qc2 Ne5 28. Bxe5 dxe5 29. Qa4 Bd6 30. Rdh1 Qd7 31. Qxd7 Rxd7 32. Rxh7 Rg8 33. Rh8 Rxh8 34. Rxh8 1-0

[Event "Chigorin Memorial 28th"]
[Site "St Petersburg"]
[Date "2021.10.31"]
[Round "9"]
[White "Yakovlev, Yuri S"]
[Black "Chernov, Lev"]
[Result "0-1"]
[WhiteElo "1847"]
[BlackElo "1252"]
[PlyCount "62"]
[EventDate "2021.10.23"]
[EventType "swiss"]
[EventRounds "9"]
[EventCountry "RUS"]
[SourceTitle "EXT 2023"]
[Source "ChessBase"]
[SourceDate "2022.10.05"]
[SourceVersion "1"]
[SourceVersionDate "2022.10.05"]
[SourceQuality "1"]

1. e4 e5 2. Bc4 Nf6 3. Qe2 Nc6 4. c3 Bc5 5. b4 Bb6 6. a4 a5 7. b5 Ne7 8. d3 0-0 9. Bg5 Ng6 10. h4 Nf4 11. Bxf4 exf4 12. Qa2 c6 13. Bb3 d5 14. e5 Ng4 15. d4 f6 16. Bd1 fxe5 17. Bxg4 Bxg4 18. f3 Bf5 19. Ne2 Re8 20. Kd1 Qf6 21. Qd2 Qg6 22. Kc1 Qxg2 23. Re1 Qxf3 24. Ra3 Qe4 25. Rb3 exd4 26. cxd4 Bd7 27. bxc6 Rac8 28. Kb2 f3 29. Nf4 Qxe1 30. Qxe1 Rxe1 31. Nxd5 Rxb1+ 0-1

[Event "Chigorin Memorial 28th"]
[Site "St Petersburg"]
[Date "2021.10.27"]
[Round "5"]
[White "Yakovlev, Yuri S"]
[Black "Duev, Dmitriy"]
[Result "1/2-1/2"]
[WhiteElo "1847"]
[BlackElo "1452"]
[PlyCount "150"]
[EventDate "2021.10.23"]
[EventType "swiss"]
[EventRounds "9"]
[EventCountry "RUS"]
[SourceTitle "EXT 2023"]
[Source "ChessBase"]
[SourceDate "2022.10.05"]
[SourceVersion "1"]
[SourceVersionDate "2022.10.05"]
[SourceQuality "1"]

1. e4 c5 2. Nf3 Nc6 3. c4 e6 4. Nc3 Nge7 5. d4 cxd4 6. Nxd4 Ng6 7. Be3 h6 8. Qd2 Be7 9. Be2 d6 10. 0-0 0-0 11. f4 e5 12. Nxc6 bxc6 13. f5 Nf4 14. Bg4 h5 15. Bxf4 exf4 16. Bxh5 Rb8 17. b3 Bf6 18. Rad1 Re8 19. Bf3 c5 20. Nd5 Bd4+ 21. Kh1 Bb7 22. Qxf4 Bxd5 23. cxd5 Be5 24. Qg4 Qf6 25. g3 Kf8 26. Qh4 Qxh4 27. gxh4 a5 28. Rf2 Ke7 29. h3 Kf6 30. Rg2 a4 31. Rd3 Rb4 32. bxa4 c4 33. a3 Rxa4 34. Bd1 Ra7 35. Rf3 Rb7 36. Bc2 Rh8 37. Rg1 Rxh4 38. Rb1 Rxb1+ 39. Bxb1 Rh8 40. Bc2 Rb8 41. Rf2 Bd4 42. Re2 Ke5 43. Kg2 Kf4 44. h4 Rh8 45. Re1 Rxh4 46. Bd1 c3 47. Bf3 Rh8 48. Bd1 Rb8 49. Bc2 Rb2 50. Re2 Be3 51. Kf1 Kf3 52. Bd1 Kxe4 53. Rxb2 cxb2 54. Bc2+ Kxd5 55. Ke2 Bc5 56. a4 Kc4 57. Kd1 Kc3 58. a5 Kd4 59. Bb1 Ke5 60. a6 Kf6 61. Kd2 g5 62. fxg6 fxg6 63. Kc3 g5 64. Kxb2 Ke5 65. Kc3 Kf4 66. Kc4 Ke5 67. Kc3 Kf4 68. Kc4 Ke5 69. Bg6 Ba7 70. Bf7 g4 71. Bd5 g3 72. Bg2 Kf4 73. Kd5 Bc5 74. a7 Bxa7 75. Kxd6 Ke3 1/2-1/2

[Event "Chigorin Memorial 28th"]
[Site "St Petersburg"]
[Date "2021.10.23"]
[Round "1"]
[White "Yakovlev, Yuri S"]
[Black "Najdin, Danil"]
[Result "0-1"]
[WhiteElo "1847"]
[BlackElo "2296"]
[PlyCount "36"]
[EventDate "2021.10.23"]
[EventType "swiss"]
[EventRounds "9"]
[EventCountry "RUS"]
[SourceTitle "EXT 2023"]
[Source "ChessBase"]
[SourceDate "2022.10.05"]
[SourceVersion "1"]
[SourceVersionDate "2022.10.05"]
[SourceQuality "1"]

1. e4 e5 2. Bc4 Nf6 3. Qe2 Nc6 4. c3 Bc5 5. b4 Bb6 6. d3 0-0 7. Bg5 Nxb4 8. Na3 Nc6 9. 0-0-0 h6 10. Bh4 Qe7 11. Nc2 Ba5 12. Kb2 b5 13. Bd5 g5 14. Bg3 Qc5 15. Qd2 Nxd5 16. exd5 b4 17. cxb4 Nxb4 18. Bxe5 Rb8 0-1

[Event "St Petersburg Korchnoi Memorial op"]
[Site "St Petersburg"]
[Date "2019.08.18"]
[Round "5"]
[White "Yakovlev, Yuri S"]
[Black "Martynyuk, Elizaveta"]
[Result "1/2-1/2"]
[WhiteElo "1817"]
[BlackElo "2134"]
[PlyCount "67"]
[EventDate "2019.08.14"]
[EventType "swiss"]
[EventRounds "9"]
[EventCountry "RUS"]
[SourceTitle "CBM 192"]
[Source "ChessBase"]
[SourceDate "2019.10.31"]
[SourceVersion "1"]
[SourceVersionDate "2019.10.31"]
[SourceQuality "1"]

1. e4 c5 2. Nf3 Nc6 3. c4 g6 4. d4 cxd4 5. Nxd4 Bg7 6. Be3 Nf6 7. Nc3 d6 8. Be2 0-0 9. 0-0 Bd7 10. Qd2 Ng4 11. Bxg4 Bxg4 12. f4 Bd7 13. Rad1 a5 14. b3 a4 15. Nd5 axb3 16. axb3 e6 17. Nb4 Qc8 18. Nb5 Nxb4 19. Nxd6 Qc6 20. Qxb4 e5 21. Qxb7 exf4 22. Qxc6 Bxc6 23. Bxf4 Bc3 24. c5 Ra3 25. Rd3 Bb4 26. Be3 Ra2 27. Bd4 f5 28. Rdf3 Rfa8 29. R3f2 fxe4 30. Rxa2 Rxa2 31. Rf7 e3 32. Rg7+ Kf8 33. Rf7+ Kg8 34. Rg7+ 1/2-1/2

[Event "St Petersburg Korchnoi Memorial op"]
[Site "St Petersburg"]
[Date "2019.08.17"]
[Round "4"]
[White "Kartsev, Nikolaj"]
[Black "Yakovlev, Yuri S"]
[Result "1/2-1/2"]
[WhiteElo "2140"]
[BlackElo "1817"]
[PlyCount "41"]
[EventDate "2019.08.14"]
[EventType "swiss"]
[EventRounds "9"]
[EventCountry "RUS"]
[SourceTitle "CBM 192"]
[Source "ChessBase"]
[SourceDate "2019.10.31"]
[SourceVersion "1"]
[SourceVersionDate "2019.10.31"]
[SourceQuality "1"]

1. e4 c5 2. Nf3 e6 3. b3 a6 4. d4 cxd4 5. Nxd4 b5 6. c4 bxc4 7. Bxc4 Bb7 8. f3 Bc5 9. Ba3 Bxa3 10. Nxa3 Qa5+ 11. Qd2 Qxa3 12. b4 Nc6 13. Nxc6 Bxc6 14. Rb1 Qa4 15. Qg5 Ne7 16. Qxg7 Rg8 17. Qc3 Rxg2 18. Rf1 Rg8 19. Rb3 Bb5 20. Bd3 a5 21. Kf2 1/2-1/2

[Event "Chigorin Memorial 26th"]
[Site "St Petersburg"]
[Date "2018.10.31"]
[Round "5"]
[White "Khalilov, Emin"]
[Black "Yakovlev, Yuri S"]
[Result "0-1"]
[WhiteElo "1556"]
[BlackElo "1838"]
[PlyCount "78"]
[EventDate "2018.10.27"]
[EventType "swiss"]
[EventRounds "9"]
[EventCountry "RUS"]
[SourceTitle "CBM 187 Extra"]
[Source "ChessBase"]
[SourceDate "2018.11.04"]
[SourceVersion "1"]
[SourceVersionDate "2018.11.04"]
[SourceQuality "1"]

1. e4 c5 2. Nf3 e6 3. d4 cxd4 4. Nxd4 a6 5. Bd3 b5 6. Nc3 Bb7 7. 0-0 Qc7 8. Qe2 Nc6 9. Nxc6 dxc6 10. e5 Ne7 11. f4 g6 12. Ne4 Nd5 13. c4 bxc4 14. Bxc4 Be7 15. b3 Rf8 16. Kh1 Qb6 17. a4 a5 18. Rd1 0-0-0 19. Bd2 Rd7 20. Qe1 Nb4 21. Be3 c5 22. Qf2 Bxe4 23. Rxd7 Kxd7 24. Qe2 Kc7 25. Rd1 Rd8 26. Rxd8 Kxd8 27. Bb5 Bd5 28. Qd1 Kc7 29. f5 Bc6 30. Bc4 Nd5 31. Bd2 exf5 32. Qe1 Qb7 33. e6 f6 34. Bxa5+ Kb8 35. Bd2 Qc7 36. Qc1 Bd6 37. h3 f4 38. Qf1 Ne3 39. Bxe3 fxe3 0-1

[Event "St Petersburg Korchnoi Memorial op"]
[Site "St Petersburg"]
[Date "2018.08.16"]
[Round "2"]
[White "Yakovlev, Yuri S"]
[Black "Gubin, Ivan"]
[Result "0-1"]
[WhiteElo "1850"]
[BlackElo "1000"]
[PlyCount "116"]
[EventDate "2018.08.15"]
[EventType "swiss"]
[EventRounds "9"]
[EventCountry "RUS"]
[SourceTitle "CBM 186 Extra"]
[Source "ChessBase"]
[SourceDate "2018.08.24"]
[SourceVersion "1"]
[SourceVersionDate "2018.08.24"]
[SourceQuality "1"]

1. e4 c5 2. Nf3 d6 3. c4 Nc6 4. d4 cxd4 5. Nxd4 Nf6 6. Nc3 g6 7. Be2 Bg7 8. Be3 0-0 9. 0-0 Re8 10. Rc1 e5 11. Ndb5 Bf8 12. Bg5 Be7 13. Bxf6 Bxf6 14. Nd5 Rb8 15. Nxf6+ Qxf6 16. Qxd6 Qxd6 17. Nxd6 Rd8 18. c5 b6 19. Nxc8 Rbxc8 20. cxb6 axb6 21. Ba6 Rc7 22. Rc2 Ra7 23. Rxc6 Rxa6 24. a3 Rd2 25. Rb1 Rd3 26. Kf1 Rb3 27. f3 Raxa3 28. Ke2 Re3+ 29. Kf2 Rab3 30. Rc2 Red3 31. Ra1 Kg7 32. Ra7 Rd6 33. Ke2 Kf6 34. Ra3 Rb5 35. Rac3 Rd4 36. Rd3 Rc5 37. Rcd2 Rxd3 38. Kxd3 h5 39. b4 Rc1 40. Ke3 Rc3+ 41. Kf2 Ke6 42. Rd5 Rc2+ 43. Kg3 f5 44. Rb5 Rc6 45. Kh4 Kf6 46. exf5 Kxf5 47. Kg3 g5 48. h4 Rg6 49. hxg5 Rxg5+ 50. Kf2 Rg6 51. g3 Re6 52. f4 Ke4 53. fxe5 Kd4 54. Kf3 Kc4 55. Rc5+ bxc5 56. bxc5 Kd5 57. Kf4 Rxe5 58. c6 Re7 0-1

[Event "Chigorin Memorial 25th"]
[Site "St Petersburg"]
[Date "2017.10.23"]
[Round "3"]
[White "Moskaleva, Arina"]
[Black "Yakovlev, Yuri S"]
[Result "1/2-1/2"]
[WhiteElo "1536"]
[BlackElo "1876"]
[PlyCount "96"]
[EventDate "2017.10.21"]
[EventType "swiss"]
[EventRounds "9"]
[EventCountry "RUS"]
[SourceTitle "CBM 181 Extra"]
[Source "ChessBase"]
[SourceDate "2017.12.12"]
[SourceVersion "1"]
[SourceVersionDate "2017.12.12"]
[SourceQuality "1"]

1. e4 c5 2. Nf3 a6 3. d4 cxd4 4. Nxd4 b5 5. Nc3 Bb7 6. Bd3 Qc7 7. 0-0 e6 8. Re1 Bc5 9. Nf3 Nf6 10. h3 d6 11. Bd2 Qb6 12. Qe2 Nbd7 13. a4 b4 14. Na2 a5 15. Nc1 0-0 16. Nb3 Ba6 17. Nxc5 Nxc5 18. Bxa6 Qxa6 19. Qxa6 Rxa6 20. e5 Nd5 21. Rad1 dxe5 22. Nxe5 Nxa4 23. b3 Nac3 24. Bxc3 bxc3 25. Nc4 a4 26. bxa4 Rxa4 27. Ne3 Ra5 28. Rd3 Rc8 29. Red1 Rcc5 30. Rb1 g6 31. Nxd5 exd5 32. Rb3 Kg7 33. Rbxc3 f5 34. Kh2 Kf6 35. Kg3 g5 36. Kh2 Ke5 37. Re3+ Kd6 38. Rf3 f4 39. g3 Ke5 40. h4 h6 41. Kh3 d4 42. Rcd3 Rxc2 43. hxg5 hxg5 44. gxf4+ gxf4 45. Kg4 Ra8 46. Rxf4 Rg8+ 47. Kf3 Rxf2+ 48. Kxf2 Kxf4 1/2-1/2

[Event "Chigorin Memorial 25th"]
[Site "St Petersburg"]
[Date "2017.10.21"]
[Round "1"]
[White "Korennoi, Viktor"]
[Black "Yakovlev, Yuri S"]
[Result "1-0"]
[WhiteElo "2227"]
[BlackElo "1876"]
[PlyCount "91"]
[EventDate "2017.10.21"]
[EventType "swiss"]
[EventRounds "9"]
[EventCountry "RUS"]
[SourceTitle "CBM 181 Extra"]
[Source "ChessBase"]
[SourceDate "2017.12.12"]
[SourceVersion "1"]
[SourceVersionDate "2017.12.12"]
[SourceQuality "1"]

1. d4 d5 2. c4 e6 3. Nc3 Nf6 4. Bg5 Be7 5. e3 c6 6. Nf3 Nbd7 7. Qc2 h6 8. Bh4 0-0 9. Bd3 dxc4 10. Bxc4 Nd5 11. Bg3 N7b6 12. Be2 Bd6 13. Ne5 Bxe5 14. Bxe5 Nd7 15. Bg3 f5 16. 0-0 N7f6 17. Rfe1 Bd7 18. Bf1 Nh5 19. Be5 Nxc3 20. Qxc3 Nf6 21. b4 Ng4 22. Bg3 h5 23. f3 Nh6 24. h3 g5 25. Qd2 h4 26. Bh2 Qf6 27. Kh1 Qg6 28. Bd3 Qh5 29. Rac1 g4 30. fxg4 fxg4 31. Rc5 Nf5 32. e4 Qh6 33. Qe2 Ng7 34. Qxg4 Rf7 35. Bc4 Qd2 36. Rd1 Qxb4 37. Bb3 Raf8 38. Be5 Rf1+ 39. Kh2 R1f7 40. Rd3 Qe1 41. Rf3 Kh7 42. Bxg7 Rxg7 43. Rh5+ Kg8 44. Bxe6+ Bxe6 45. Qxe6+ Rgf7 46. Rg5+ 1-0

[Event "Chigorin Memorial 23rd"]
[Site "St Petersburg"]
[Date "2015.10.03"]
[Round "1"]
[White "Zakaryan, David"]
[Black "Yakovlev, Yuri S"]
[Result "1-0"]
[WhiteElo "2335"]
[BlackElo "1971"]
[PlyCount "55"]
[EventDate "2015.10.03"]
[EventType "swiss"]
[EventRounds "9"]
[EventCountry "RUS"]
[SourceTitle "CBM 168 Extra"]
[Source "ChessBase"]
[SourceDate "2015.10.29"]
[SourceVersion "1"]
[SourceVersionDate "2015.10.29"]
[SourceQuality "1"]

1. Nf3 c5 2. g3 b5 3. Bg2 Bb7 4. 0-0 e6 5. d3 Be7 6. Nbd2 h5 7. h4 Nf6 8. e4 d6 9. Re1 Nbd7 10. c3 Ng4 11. Nf1 Ndf6 12. Ng5 Nd7 13. Bh3 Bxg5 14. Bxg5 f6 15. Bc1 f5 16. f3 Nge5 17. d4 cxd4 18. cxd4 Qb6 19. Be3 Nxf3+ 20. Qxf3 Bxe4 21. Qf4 d5 22. Nd2 Nf6 23. Rac1 0-0 24. Rc7 Rf7 25. Rxf7 Kxf7 26. Rc1 Ne8 27. Nxe4 dxe4 28. d5 1-0

[Event "Wch Seniors 65 24th"]
[Site "Katerini"]
[Date "2014.11.01"]
[Round "8"]
[White "Hohler, Peter"]
[Black "Yakovlev, Yuri S"]
[Result "1-0"]
[WhiteElo "2187"]
[BlackElo "1992"]
[PlyCount "73"]
[EventDate "2014.10.24"]
[EventType "swiss"]
[EventRounds "11"]
[EventCountry "GRE"]
[SourceTitle "EXT 2015"]
[Source "ChessBase"]
[SourceDate "2014.11.20"]
[SourceVersion "1"]
[SourceVersionDate "2014.11.20"]
[SourceQuality "1"]

1. Nf3 c5 2. g3 b5 3. Bg2 Bb7 4. 0-0 e6 5. a4 b4 6. c3 Be7 7. cxb4 cxb4 8. d4 h5 9. h4 Nf6 10. Bg5 d6 11. Nbd2 Nbd7 12. Re1 Ne4 13. Bxe7 Qxe7 14. Ng5 Nxg5 15. Bxb7 Rb8 16. Bg2 Nh7 17. Rc1 g5 18. Nf3 gxh4 19. Nxh4 Ndf6 20. Qd2 Rg8 21. Rc2 Ng5 22. Rec1 Kf8 23. Rc7 Qd8 24. Rxa7 Qb6 25. Rac7 e5 26. R7c6 Qa7 27. Rc8+ Rxc8 28. Rxc8+ Ne8 29. Bc6 Nh3+ 30. Kh2 Ke7 31. Kxh3 Qa6 32. Rxe8+ Rxe8 33. Bxe8 Qa8 34. d5 Kxe8 35. Nf5 Kd7 36. e4 Qxa4 37. Qg5 1-0